000 00406nam a2200145 i 4500
001 bg
100 1 _aDĄBEK, Adam
245 0 _aPsychologiczna analiza zdolności matematycznych uczniów :
_bstruktura i kształcenie /
_cAdam Dąbek.
260 _aZielona Góra,
_c1984.
040 _cBPK
041 _apol
080 _a372.851:159.92-057.874
942 _cKS
008 s pl f |000 0 pol
999 _c28164
_d28164
856 _uhttp://koha.tu.koszalin.pl/cgi-bin/koha/opac-detail.pl?biblionumber=28164
_yKatalog online BPK